| Tag |
First Indicator |
Second Indicator |
Subfields |
| LEADER |
00000cam a22000008a 4500 |
| 001 |
in00000070016 |
| 005 |
20151008055941.0 |
| 008 |
810904s1981 dcu b 00010 eng |
| 010 |
|
|
|a 80006186
|
| 020 |
|
|
|a 0819117900 (pbk.) :
|c $21.25
|
| 020 |
|
|
|a 0819117919 :
|c $11.00
|
| 035 |
|
|
|a (OCoLC)07795035
|
| 035 |
|
|
|9 AAJ4801AM
|
| 039 |
0 |
|
|a 2
|b 3
|c 3
|d 3
|e 3
|
| 040 |
|
|
|a DLC
|c DLC
|d TXA
|d UtOrBLW
|
| 043 |
|
|
|a f------
|a f-lb---
|
| 049 |
|
|
|a TXAM
|c [1804953]
|
| 050 |
0 |
0 |
|a DT38.9.L7
|b H64
|
| 082 |
0 |
|
|a 327.666/2
|2 19
|
| 100 |
1 |
|
|a Holloway, Joseph E.
|
| 245 |
1 |
0 |
|a Liberian diplomacy in Africa :
|b a study of inter-African relations /
|c Joseph E. Holloway.
|
| 263 |
|
|
|a 8201
|
| 264 |
|
1 |
|a Washington, D.C. :
|b University Press of America,
|c [1981]
|
| 264 |
|
4 |
|c ©1981
|
| 300 |
|
|
|a xxiv, 230 pages ;
|c 22 cm.
|
| 336 |
|
|
|a text
|b txt
|2 rdacontent
|
| 337 |
|
|
|a unmediated
|b n
|2 rdamedia
|
| 338 |
|
|
|a volume
|b nc
|2 rdacarrier
|
| 500 |
|
|
|a Based on author's thesis (Ph.D.)--University of California, Los Angeles.
|
| 504 |
|
|
|a Bibliography: pages 190-194.
|
| 651 |
|
0 |
|a Africa
|x Foreign relations
|z Liberia.
|
| 651 |
|
0 |
|a Liberia
|x Foreign relations
|z Africa.
|
| 651 |
|
0 |
|a Liberia
|x Ethnic relations.
|
| 999 |
|
|
|a MARS
|
| 999 |
f |
f |
|s 8771b1fc-3a05-3b7d-9d81-957a467a16e3
|i c4b531fb-0ced-36bf-8ac2-e723a10bfa8e
|t 0
|
| 952 |
f |
f |
|p ric
|a Texas A&M University
|b Rellis Campus
|c Joint Library Facility
|d Remote Storage
|t 0
|e DT38.9.L7 H64
|h Library of Congress classification
|i unmediated -- volume
|m A14806102988
|
| 998 |
f |
f |
|a DT38.9.L7 H64
|t 0
|l Remote Storage
|